[Event "Voronezh op-B 23rd"]
[Site "Voronezh"]
[Date "2019.06.20"]
[Round "9"]
[White "Mikheeva, Galina"]
[Black "Makushin, Aleksandr"]
[Result "1/2-1/2"]
[WhiteElo "1825"]
[BlackElo "1675"]
[PlyCount "99"]
[EventDate "2019.06.12"]
[EventType "swiss"]
[EventRounds "9"]
[EventCountry "RUS"]
[SourceTitle "EXT 2020"]
[Source "ChessBase"]
[SourceDate "2019.10.17"]
[SourceVersion "1"]
[SourceVersionDate "2019.10.17"]
[SourceQuality "1"]

1. e4 c6 2. d4 d5 3. e5 Bf5 4. h4 h5 5. Bd3 Bxd3 6. Qxd3 e6 7. Nf3 Qa5+ 8. Nbd2 c5 9. c3 Nc6 10. 0-0 Nh6 11. dxc5 Qxc5 12. Nb3 Qc4 13. Qxc4 dxc4 14. Nbd4 Nxd4 15. Nxd4 Bc5 16. Nb5 Ke7 17. b4 cxb3 18. axb3 Nf5 19. b4 Bb6 20. c4 Nd4 21. Nd6 Ne2+ 22. Kh1 Bd4 23. Ra2 Nxc1 24. Rxc1 b6 25. Nb5 Bxe5 26. Nxa7 Kf6 27. Rcc2 Rhd8 28. g3 Rd4 29. Kg2 Bc7 30. Nb5 Rxa2 31. Nxd4 Rxc2 32. Nxc2 Ke5 33. Kf3 f6 34. Ke3 g5 35. Nd4 gxh4 36. gxh4 f5 37. f4+ Kf6 38. Nb5 Bd8 39. c5 bxc5 40. bxc5 e5 41. fxe5+ Kxe5 42. c6 Bb6+ 43. Kf3 Ke6 44. Kf4 Bf2 45. Kg5 f4 46. Kxh5 f3 47. Kg4 Bxh4 48. Kxf3 Bd8 49. c7 Bxc7 50. Nxc7+ 1/2-1/2

[Event "Voronezh op-B 22nd"]
[Site "Voronezh"]
[Date "2018.06.20"]
[Round "9"]
[White "Tatarinova, Elena"]
[Black "Makushin, Aleksandr"]
[Result "1-0"]
[WhiteElo "1797"]
[BlackElo "1692"]
[PlyCount "72"]
[EventDate "2018.06.12"]
[EventType "swiss"]
[EventRounds "9"]
[EventCountry "RUS"]
[SourceTitle "CBM 185 Extra"]
[Source "ChessBase"]
[SourceDate "2018.07.29"]
[SourceVersion "1"]
[SourceVersionDate "2018.07.29"]
[SourceQuality "1"]

1. e4 c6 2. d4 d5 3. exd5 cxd5 4. Bd3 Nf6 5. Bf4 Bg4 6. Nf3 e6 7. Nbd2 Nc6 8. h3 Bxf3 9. Nxf3 Bd6 10. Bxd6 Qxd6 11. c3 Rc8 12. 0-0 0-0 13. Re1 Na5 14. Ne5 a6 15. Qe2 Qc7 16. Rac1 Nc4 17. b3 Nxe5 18. dxe5 Nd7 19. c4 Qa5 20. Qh5 g6 21. Qe2 dxc4 22. Rxc4 Rxc4 23. Bxc4 b5 24. Bd3 Rc8 25. Rd1 Qc7 26. f4 Nb6 27. Be4 Qc5+ 28. Kh2 Nd5 29. Bxd5 exd5 30. Qd2 Rd8 31. Qa5 Qc8 32. Rc1 Qxc1 33. Qxd8+ Kg7 34. Qf6+ Kg8 35. Qd8+ Kg7 36. Qf6+ Kg8 1-0

[Event "Voronezh op-B 22nd"]
[Site "Voronezh"]
[Date "2018.06.18"]
[Round "7"]
[White "Vasiljev, Ilya"]
[Black "Makushin, Aleksandr"]
[Result "1-0"]
[WhiteElo "1816"]
[BlackElo "1692"]
[PlyCount "65"]
[EventDate "2018.06.12"]
[EventType "swiss"]
[EventRounds "9"]
[EventCountry "RUS"]
[SourceTitle "CBM 185 Extra"]
[Source "ChessBase"]
[SourceDate "2018.07.29"]
[SourceVersion "1"]
[SourceVersionDate "2018.07.29"]
[SourceQuality "1"]

1. e4 c6 2. d4 d5 3. Nc3 dxe4 4. Nxe4 Bf5 5. Ng3 Bg6 6. h4 h6 7. f4 e6 8. Nf3 Nd7 9. c3 Ngf6 10. Ne5 Nxe5 11. fxe5 Ne4 12. Nxe4 Bxe4 13. Be3 Qd5 14. Qd2 0-0-0 15. c4 Qd7 16. 0-0-0 Be7 17. Bd3 Bxd3 18. Qxd3 Kb8 19. Qb3 Qc7 20. g3 f5 21. Kb1 g5 22. h5 c5 23. Qc3 cxd4 24. Bxd4 Bc5 25. Bxc5 Qxc5 26. b4 Qc7 27. c5 Rxd1+ 28. Rxd1 Rd8 29. Rd6 Qe7 30. Qd4 Kc8 31. Qc4 Qf7 32. b5 Qxh5 33. Qxe6+ 1-0

[Event "Voronezh op-B 22nd"]
[Site "Voronezh"]
[Date "2018.06.12"]
[Round "1"]
[White "Artemov, Nikita"]
[Black "Makushin, Aleksandr"]
[Result "1-0"]
[WhiteElo "1970"]
[BlackElo "1692"]
[PlyCount "53"]
[EventDate "2018.06.12"]
[EventType "swiss"]
[EventRounds "9"]
[EventCountry "RUS"]
[SourceTitle "CBM 185 Extra"]
[Source "ChessBase"]
[SourceDate "2018.07.29"]
[SourceVersion "1"]
[SourceVersionDate "2018.07.29"]
[SourceQuality "1"]

1. e4 c6 2. d4 d5 3. Nc3 dxe4 4. Nxe4 Bf5 5. Ng3 Bg6 6. Bc4 e6 7. N1e2 Nf6 8. 0-0 Be7 9. f4 Nd5 10. f5 exf5 11. Nxf5 Bf6 12. Neg3 0-0 13. Nh5 Nd7 14. Nxf6+ N7xf6 15. Bg5 Qd7 16. Bd3 h6 17. Bh4 Rae8 18. Qf3 Re6 19. Bg3 Bh5 20. Qf2 Ng4 21. Qd2 Nge3 22. Nxe3 Nxe3 23. Rfe1 Rfe8 24. Be5 Ng4 25. Bf5 Nxe5 26. Rxe5 Qd6 27. Bxe6 1-0